| 000 | 00865cam a2200241 a 4500 | ||
|---|---|---|---|
| 001 | 000015861 | ||
| 005 | 20200929164159.0 | ||
| 008 | 831209s1970 sp 001 0 spa | ||
| 040 |
_aDO-SdBNP _bspa _cDLC _dBNPHU |
||
| 082 |
_a025 _bE74m |
||
| 100 | 1 |
_aEscolar Sobrino, Hipólito. _935700 |
|
| 245 | 1 | 0 |
_aMárquetin para bibliotecarios / _cHipólito Escolar Sobrino. |
| 260 |
_aMadrid, España : _bAsociación Nacional de Bibliotecarios, Archiveros y Arqueólogos, _c1970. |
||
| 300 |
_a121 p. ; _c18 cm. |
||
| 490 | 1 |
_aBiblioteca profecional de anaba _v3 |
|
| 490 | 1 | _aCuadernos | |
| 504 | _aincluye bibliografía ([109]-111). | ||
| 650 | 4 |
_aServicios públicos (bibliotecas) _zEspaña _935701 |
|
| 650 | 4 |
_aMercadotecnia _935702 |
|
| 830 | 0 |
_aBiblioteca profecional de anaba ; _pcuadernos _v3 _935703 |
|
| 910 | _aCatalogación por copia / LC | ||
| 049 | _aBNGR | ||
| 999 |
_c15404 _d15404 |
||